000 00521nam a2200181Ia 4500
003 GCL
008 140319s9999 xx 000 0 ara d
040 _aGCL /
_cGCL
082 0 4 _a612.14
_bا ض
100 1 _aاوبريان، ايون
245 1 0 _aضغط الدم المرتفع : اسبابة وطرق معالجتة /
_cاوبريان، ايون
700 1 _aاومالى , كفن
300 _a126 ص
490 _a
650 0 4 _aضغط الدم
650 0 4 _aضغط الدم المرتفع
942 _2ddc
_cBK
999 _c47795
_d47795